[Event "22nd Abu Dhabi Masters"]
[Site "Abu Dhabi UAE"]
[Date "2015.08.25"]
[Round "3.11"]
[White "Predke,A"]
[Black "Areshchenko,A"]
[Result "1/2-1/2"]
[BlackTitle "GM"]
[WhiteElo "2548"]
[BlackElo "2661"]
[WhiteFideId "24107581"]
[BlackFideId "14109530"]
[EventDate "2015.08.23"]

1. e4 c5 2. Nf3 d6 3. d4 cxd4 4. Nxd4 Nf6 5. Nc3 a6 6. Be3 e5 7. Nb3 Be6 8. f3
h5 9. Qd2 Nbd7 10. a4 Rc8 11. a5 Qc7 12. Be2 Be7 13. O-O O-O 14. Rfc1 Qc6 15.
Rd1 Rfe8 16. Rac1 Bc4 17. Bxc4 Qxc4 18. Ra1 Qc7 19. Qf2 Qb8 20. Qe2 Qc7 21. Qf2
Qb8 22. Qe2 Qc7 23. Rd2 Qc4 24. Qf2 Qe6 25. Qe2 Qc4 26. Qf2 Qe6 27. Qe2 1/2-1/2

[Event "22nd Abu Dhabi Masters"]
[Site "Abu Dhabi UAE"]
[Date "2015.08.25"]
[Round "3.12"]
[White "Stopa,Ja"]
[Black "Akopian,Vl"]
[Result "1/2-1/2"]
[WhiteTitle "GM"]
[BlackTitle "GM"]
[WhiteElo "2544"]
[BlackElo "2647"]
[WhiteFideId "1119591"]
[BlackFideId "13300032"]
[EventDate "2015.08.23"]

1. d4 Nf6 2. c4 e6 3. g3 c5 4. Nf3 cxd4 5. Nxd4 Qb6 6. Bg2 Nc6 7. Nb5 Ne5 8. Qb3
a6 9. Be3 Bc5 10. Bxc5 Qxc5 11. Qa3 Qxa3 12. N5xa3 Rb8 13. Nc3 b6 14. f4 Neg4
15. h3 Ne3 16. Bf3 d5 17. cxd5 exd5 18. Kf2 d4 19. Ne4 Nxe4+ 20. Bxe4 Be6 21.
Nc2 Nxc2 22. Bxc2 Ke7 23. a3 Rbc8 24. Bd3 a5 1/2-1/2

[Event "22nd Abu Dhabi Masters"]
[Site "Abu Dhabi UAE"]
[Date "2015.08.25"]
[Round "3.13"]
[White "Jones,G"]
[Black "Sagar,S"]
[Result "1-0"]
[WhiteTitle "GM"]
[BlackTitle "IM"]
[WhiteElo "2647"]
[BlackElo "2456"]
[WhiteFideId "409561"]
[BlackFideId "5022509"]
[EventDate "2015.08.23"]

1. e4 e6 2. d4 d5 3. Nc3 Bb4 4. exd5 exd5 5. a3 Bxc3+ 6. bxc3 Ne7 7. Bd3 Bf5 8.
Rb1 b6 9. Nf3 Nbc6 10. c4 dxc4 11. Bxc4 O-O 12. O-O Qd6 13. Bb2 Na5 14. Ba2 Be6
15. Bxe6 Qxe6 16. Re1 Qd6 17. Qd3 Nd5 18. Bc1 Qg6 19. Qxg6 hxg6 20. Ne5 Rfe8 21.
Bd2 f6 22. Bxa5 fxe5 23. c4 bxa5 24. cxd5 Rad8 25. dxe5 Rxd5 26. f4 Kf7 27. Rb7
Re7 28. Rxa7 g5 29. e6+ Kf6 30. fxg5+ Rxg5 31. Ra6 Re5 32. Rxe5 Kxe5 33. Kf2 Kd4
34. Kf3 c5 35. Kf4 c4 36. Rd6+ Kc5 37. Ke5 c3 38. Rd8 Rc7 39. Rd7 Kc6 40. Rd1 c2
41. Rc1 Kb7 42. Kd6 Rc6+ 43. Kd7 Rc7+ 44. Ke8 Rc4 45. e7 g5 46. Kf7 Rf4+ 47. Kg6
Re4 48. Kf6 1-0

[Event "22nd Abu Dhabi Masters"]
[Site "Abu Dhabi UAE"]
[Date "2015.08.25"]
[Round "3.14"]
[White "Pakleza,Z"]
[Black "Kuzubov,Y"]
[Result "0-1"]
[WhiteTitle "GM"]
[BlackTitle "GM"]
[WhiteElo "2520"]
[BlackElo "2638"]
[WhiteFideId "1119290"]
[BlackFideId "14112906"]
[EventDate "2015.08.23"]

1. d4 f5 2. Nf3 Nf6 3. g3 g6 4. Bg2 Bg7 5. O-O O-O 6. c4 d6 7. Nc3 c6 8. Re1 Na6
9. Qb3 Ne4 10. Be3 Nxc3 11. Qxc3 Qe8 12. Qc1 e5 13. Bh6 e4 14. Bxg7 Kxg7 15. Nd2
Be6 16. Qc3 d5 17. f4 Nc7 18. e3 h6 19. Qb4 Qd7 20. Bf1 g5 21. Nb3 b6 22. c5 Qe7
23. Qc3 Bd7 24. a4 gxf4 25. exf4 Ne6 26. Red1 Rfb8 27. cxb6 axb6 28. Ra3 h5 29.
a5 bxa5 30. Nxa5 Qb4 31. Nxc6 Qxc3 32. Rxc3 Bxc6 33. Rxc6 Kf6 34. Rd2 Rb4 35.
Be2 Ke7 36. Bxh5 Ra2 37. g4 Nxd4 38. Rc3 Raxb2 39. Rxb2 Rxb2 40. g5 Ne6 41. Bg6
Nxf4 42. Rc7+ Kd6 0-1

[Event "22nd Abu Dhabi Masters"]
[Site "Abu Dhabi UAE"]
[Date "2015.08.25"]
[Round "3.15"]
[White "Debashis,D"]
[Black "Iturrizaga,E"]
[Result "0-1"]
[WhiteTitle "GM"]
[BlackTitle "GM"]
[WhiteElo "2489"]
[BlackElo "2625"]
[WhiteFideId "5024854"]
[BlackFideId "3901211"]
[EventDate "2015.08.23"]

1. e4 c6 2. d4 d5 3. Nd2 dxe4 4. Nxe4 Bf5 5. Ng3 Bg6 6. h4 h6 7. Nf3 Nd7 8. h5
Bh7 9. Bd3 Bxd3 10. Qxd3 e6 11. Bd2 Ngf6 12. O-O-O Bd6 13. Ne4 Bc7 14. Kb1 Nxe4
15. Qxe4 Nf6 16. Qe2 Qd5 17. c4 Qf5+ 18. Ka1 Rd8 19. Rh4 c5 20. d5 O-O 21. g4
Nxg4 22. Rg1 Ne5 23. Nxe5 Bxe5 24. Bxh6 Kh7 25. Bc1 Bd4 26. Rf4 Qe5 27. Qg4 exd5
28. h6 g5 29. Rf5 Qe6 30. Qf3 dxc4 31. Rgxg5 Kh8 32. Rg7 Rd7 33. Rfg5 b5 34. Rg1
b4 35. Qg3 f5 36. Rg6 Qd5 37. h7 Rxh7 38. Bh6 c3 39. Qh4 f4 0-1

[Event "22nd Abu Dhabi Masters"]
[Site "Abu Dhabi UAE"]
[Date "2015.08.25"]
[Round "3.17"]
[White "Ris,R"]
[Black "Ghaem Maghami,E"]
[Result "1/2-1/2"]
[WhiteTitle "IM"]
[BlackTitle "GM"]
[WhiteElo "2449"]
[BlackElo "2609"]
[WhiteFideId "1011480"]
[BlackFideId "12500739"]
[EventDate "2015.08.23"]

1. d4 Nf6 2. c4 e6 3. Nf3 b6 4. g3 Ba6 5. b3 Bb4+ 6. Bd2 Be7 7. Bg2 c6 8. O-O d5
9. Qc2 Nbd7 10. Rd1 O-O 11. Bf4 Rc8 12. Nc3 Nh5 13. Bc1 f5 14. a4 g5 15. Ba3 g4
16. Bxe7 Qxe7 17. Nd2 f4 18. Qd3 e5 19. dxe5 Nxe5 20. Qd4 dxc4 21. b4 Rcd8 22.
Qe4 fxg3 23. hxg3 Nf6 24. Qe3 Rfe8 25. b5 Bb7 26. bxc6 Bxc6 27. Bxc6 Nxc6 28.
Qxe7 Rxe7 29. Nxc4 Nd4 30. Ne3 Red7 31. Kg2 Kf7 32. Rab1 h5 33. Rb4 Ne6 34.
Rxd7+ Rxd7 35. Nc4 Kg7 1/2-1/2

[Event "22nd Abu Dhabi Masters"]
[Site "Abu Dhabi UAE"]
[Date "2015.08.25"]
[Round "3.18"]
[White "Kovchan,A"]
[Black "Abhishek,K"]
[Result "1/2-1/2"]
[WhiteTitle "GM"]
[WhiteElo "2605"]
[BlackElo "2400"]
[WhiteFideId "14103052"]
[BlackFideId "5019257"]
[EventDate "2015.08.23"]

1. e4 e6 2. d4 d5 3. Nc3 Bb4 4. Ne2 dxe4 5. a3 Be7 6. Nxe4 Nf6 7. Nxf6+ Bxf6 8.
Be3 O-O 9. Qd2 Nc6 10. O-O-O Ne7 11. g4 Nd5 12. Bg2 b5 13. Nc3 Bb7 14. Ne4 Nxe3
15. Qxe3 Bxe4 16. Bxe4 Rb8 17. h4 b4 18. axb4 Rxb4 19. c3 Rb6 20. g5 Be7 21. f4
Qd7 22. Bc2 Rfb8 23. b4 a5 24. Qd3 g6 25. h5 Bd6 26. hxg6 Bxf4+ 27. Kb2 fxg6 28.
Bb3 axb4 29. c4 c5 30. Qe4 Qc7 31. Rh3 Bxg5 32. Rdh1 Bf6 33. Rxh7 Qxh7 34. Rxh7
Kxh7 35. Bc2 Bxd4+ 36. Kb3 e5 37. Qh4+ Kg7 38. Qe7+ Kh6 39. Be4 Ra6 40. Qh4+ Kg7
41. Qe7+ Kh6 42. Qh4+ Kg7 43. Qe7+ Kh6 44. Qh4+ 1/2-1/2

[Event "22nd Abu Dhabi Masters"]
[Site "Abu Dhabi UAE"]
[Date "2015.08.25"]
[Round "3.19"]
[White "Vignesh,N R"]
[Black "Prohaszka,P2"]
[Result "0-1"]
[BlackTitle "GM"]
[WhiteElo "2430"]
[BlackElo "2602"]
[WhiteFideId "25012215"]
[BlackFideId "726265"]
[EventDate "2015.08.23"]

1. d4 d5 2. c4 c6 3. Nf3 Nf6 4. e3 g6 5. Nc3 Bg7 6. Be2 O-O 7. O-O a6 8. a4 a5
9. Qb3 e6 10. Bd2 Ne4 11. Be1 Nd6 12. Bd2 Nd7 13. Rfd1 Nxc4 14. Bxc4 dxc4 15.
Qxc4 e5 16. Qb3 Qe7 17. d5 Nf6 18. dxc6 bxc6 19. Qa3 Qe6 20. e4 Re8 21. Be3 Rb8
22. Qc5 Ng4 23. Rd6 Qb3 24. Nd2 Qb4 25. Qxb4 axb4 26. Nd1 Bf8 27. Rxc6 Rd8 28.
Nb3 Be6 29. Nc5 Bxc5 30. Rxc5 Bb3 31. Rcc1 Nxe3 32. Nxe3 Rd2 33. a5 Rxb2 34. a6
Ra8 35. a7 Be6 36. Nd5 Bxd5 37. exd5 b3 38. Rd1 Ra2 39. Rab1 b2 40. d6 Kf8 41.
g3 Ke8 42. Re1 Kd7 43. Re2 R8xa7 44. Rexb2 Rxb2 45. Rxb2 Kxd6 46. h4 Ke6 47. Kg2
Kf5 48. Rb5 h5 49. Rb2 Rd7 50. Rb3 Rd2 51. Kf3 Ra2 52. Rb7 f6 53. Rb6 e4+ 54.
Ke3 Ra3+ 55. Ke2 Rf3 56. Rb5+ Kg4 57. Rb4 Kh3 58. Rxe4 Kg2 59. g4 Rxf2+ 60. Ke3
Kg3 61. gxh5 gxh5 62. Re8 Rf3+ 63. Ke2 Rf4 64. Rh8 Rxh4 65. Ke3 f5 66. Rh7 Re4+
67. Kd3 h4 68. Rh5 Kg4 69. Rh8 h3 70. Rg8+ Kf3 0-1

[Event "22nd Abu Dhabi Masters"]
[Site "Abu Dhabi UAE"]
[Date "2015.08.25"]
[Round "3.20"]
[White "Sumets,A"]
[Black "Visakh,N R"]
[Result "1/2-1/2"]
[WhiteTitle "GM"]
[WhiteElo "2596"]
[BlackElo "2411"]
[WhiteFideId "14105500"]
[BlackFideId "25012223"]
[EventDate "2015.08.23"]

1. d4 Nf6 2. c4 e6 3. Nf3 Bb4+ 4. Nbd2 d5 5. Qa4+ Nc6 6. a3 Bxd2+ 7. Bxd2 Ne4 8.
Rd1 O-O 9. e3 Bd7 10. Qc2 Be8 11. b4 a6 12. Be2 f5 13. O-O Bh5 14. Bc1 Ne7 15.
Bb2 c6 16. Ne5 Bxe2 17. Qxe2 b5 18. c5 a5 19. f3 Nf6 20. Bc3 axb4 21. axb4 Qc7
22. Ra1 Rfb8 23. Ra2 Nd7 24. Nd3 Rxa2 25. Qxa2 Rb7 26. Ra1 Nc8 27. Qb3 Ra7 28.
Ra5 h6 29. Qa3 Qb8 30. Be1 Qc7 31. Bg3 Qb7 32. h3 Kf7 33. Be5 Kg8 34. g4 fxg4
35. hxg4 Nf8 36. Kg2 Ng6 37. Bg3 Qf7 38. Ne5 Nxe5 39. Bxe5 Qb7 40. Kg3 Qa8 41.
Kf2 Qb7 42. Ke2 Qa8 43. Bd6 Qb7 44. e4 Qd7 45. e5 Qb7 46. Kf2 Qf7 47. Rxa7 Qxa7
48. Qxa7 Nxa7 49. Kg3 Kf7 50. f4 g6 1/2-1/2

[Event "22nd Abu Dhabi Masters"]
[Site "Abu Dhabi UAE"]
[Date "2015.08.25"]
[Round "3.21"]
[White "Karavade,E"]
[Black "Nevednichy,V"]
[Result "1/2-1/2"]
[WhiteTitle "IM"]
[BlackTitle "GM"]
[WhiteElo "2409"]
[BlackElo "2549"]
[WhiteFideId "5012600"]
[BlackFideId "1205730"]
[EventDate "2015.08.23"]

1. Nf3 Nf6 2. c4 d6 3. g3 g6 4. d4 Bg7 5. Bg2 O-O 6. b3 c6 7. Bb2 Bf5 8. O-O a5
9. Nc3 Ne4 10. Nh4 Nxc3 11. Bxc3 Be6 12. Qd2 d5 13. cxd5 cxd5 14. f4 Nc6 15. f5
Bxf5 16. Nxf5 gxf5 17. Rxf5 e6 18. Rff1 f5 19. e3 Qg5 20. Rfe1 Rf7 21. a3 Bf8
22. b4 axb4 23. axb4 Rxa1 24. Rxa1 Bd6 25. Ra8+ Rf8 26. Rxf8+ Kxf8 27. Kf2 Qe7
28. b5 Nb8 29. Qa2 Qc7 30. Bd2 Nd7 31. Bxd5 exd5 32. Qxd5 Nf6 33. Qxf5 Qf7 34.
Ke1 Qe7 35. Ke2 Ke8 36. Kd3 Nd7 37. e4 Bb8 38. e5 Qa3+ 39. Ke2 Qe7 40. Kd3 Qa3+
41. Ke2 Qe7 42. Kd3 Qa3+ 1/2-1/2

[Event "22nd Abu Dhabi Masters"]
[Site "Abu Dhabi UAE"]
[Date "2015.08.25"]
[Round "3.23"]
[White "Sjugirov,S"]
[Black "Severina,M"]
[Result "1-0"]
[WhiteTitle "GM"]
[BlackTitle "WIM"]
[WhiteElo "2664"]
[BlackElo "2276"]
[WhiteFideId "4189302"]
[BlackFideId "4116909"]
[EventDate "2015.08.23"]

1. e4 e5 2. Nf3 Nc6 3. Bb5 a6 4. Ba4 Nf6 5. O-O Be7 6. d3 d6 7. c4 O-O 8. h3 Nd7
9. Nc3 Nc5 10. Bxc6 bxc6 11. d4 exd4 12. Nxd4 Bd7 13. Be3 Bf6 14. Qc2 Ne6 15.
Nde2 Re8 16. Rad1 c5 17. f4 Nf8 18. Nd5 Bc6 19. Ng3 Bxd5 20. Rxd5 Qb8 21. b3 g6
22. e5 dxe5 23. Ne4 Bg7 24. f5 c6 25. Rdd1 Rd8 26. Bxc5 Rxd1 27. Qxd1 Qd8 28.
Qf3 Qd7 29. g4 Rd8 30. Bb6 Rb8 31. Rd1 Qe8 32. Bc5 Rd8 33. f6 Bh8 34. Rxd8 Qxd8
35. Bxf8 Qxf8 36. Qd3 h6 37. Qd7 1-0

[Event "22nd Abu Dhabi Masters"]
[Site "Abu Dhabi UAE"]
[Date "2015.08.25"]
[Round "3.24"]
[White "Shankland,S"]
[Black "Fendereski,Nima"]
[Result "1-0"]
[WhiteTitle "GM"]
[WhiteElo "2655"]
[BlackElo "2268"]
[WhiteFideId "2004887"]
[BlackFideId "12533807"]
[EventDate "2015.08.23"]

1. Nf3 c5 2. g3 Nc6 3. Bg2 g6 4. c3 Bg7 5. d4 cxd4 6. cxd4 Qb6 7. e3 d5 8. Nc3
Nf6 9. O-O O-O 10. Ne5 Rd8 11. b3 Qa5 12. Nxc6 bxc6 13. Bd2 Qc7 14. Rc1 Ba6 15.
Re1 Qb7 16. Na4 Nd7 17. Ba5 Nf6 18. Bd2 Nd7 19. Ba5 Re8 20. Qd2 e6 21. Bb4 Bb5
22. Nc5 Nxc5 23. Bxc5 a5 24. a4 Ba6 25. Rb1 e5 26. dxe5 Bxe5 27. Rec1 Rac8 28.
Bd4 Bxd4 29. Qxd4 Rc7 30. Qc3 Qb6 31. Bxd5 c5 32. Rb2 Rec8 33. Rbc2 Bb7 34. Qe5
Bxd5 35. Qxd5 Qa7 36. h4 h5 37. Rc4 Qb6 38. R1c3 Qf6 39. Rd3 Qe7 40. Qd6 Qxd6
41. Rxd6 Rb7 42. Rd5 Rxb3 43. Rdxc5 Rd8 44. Rc8 Rxc8 45. Rxc8+ Kg7 46. Rc5 Ra3
47. Rxa5 Ra2 48. Ra7 Kg8 49. a5 Kg7 50. a6 Kg8 51. e4 Re2 52. Rb7 1-0

[Event "22nd Abu Dhabi Masters"]
[Site "Abu Dhabi UAE"]
[Date "2015.08.25"]
[Round "3.25"]
[White "Petrosian,TL"]
[Black "Antonio,V"]
[Result "1-0"]
[WhiteTitle "GM"]
[WhiteElo "2623"]
[BlackElo "2255"]
[WhiteFideId "13301616"]
[BlackFideId "5027330"]
[EventDate "2015.08.23"]

1. Nf3 g6 2. g3 Bg7 3. Bg2 c5 4. c4 Nf6 5. Nc3 d5 6. cxd5 Nxd5 7. Qb3 Nb6 8. d3
Nc6 9. Be3 Nd4 10. Bxd4 cxd4 11. Ne4 Be6 12. Qa3 Bd5 13. O-O O-O 14. Rfc1 Bxe4
15. dxe4 Qd7 16. e5 Rfd8 17. Qb3 Rf8 18. Qa3 Rfd8 19. Qb3 e6 20. a4 Rac8 21. a5
Qd5 22. Rxc8 Rxc8 23. Qb4 Nd7 24. Nxd4 Qxe5 25. Qxb7 Rb8 26. Qxa7 Qxd4 27. Qxd4
Bxd4 28. Rd1 Bb6 29. axb6 Nxb6 30. b3 Kf8 31. Rd4 Ke7 32. Rb4 Nd7 33. Rxb8 Nxb8
34. f4 Kd6 35. Kf2 Kc5 36. Ke3 Kb4 37. Kd4 f6 38. Bb7 Nd7 39. Ba6 e5+ 40. Kd5 e4 1-0

[Event "22nd Abu Dhabi Masters"]
[Site "Abu Dhabi UAE"]
[Date "2015.08.25"]
[Round "3.26"]
[White "Gopal,G"]
[Black "Bashirli,Nail"]
[Result "1/2-1/2"]
[WhiteTitle "GM"]
[BlackTitle "FM"]
[WhiteElo "2562"]
[BlackElo "2235"]
[WhiteFideId "5015693"]
[BlackFideId "13406809"]
[EventDate "2015.08.23"]

1. e4 c5 2. Nf3 d6 3. d4 cxd4 4. Nxd4 Nf6 5. Nc3 a6 6. h3 e6 7. g4 Be7 8. Bg2
Nfd7 9. Be3 Nc6 10. O-O O-O 11. Nce2 Qc7 12. c3 Nce5 13. b3 Ng6 14. f4 Nh4 15.
Bh1 b5 16. Rc1 Bb7 17. Ng3 Rfe8 18. Kh2 Bf8 19. Nf3 Nxf3+ 20. Qxf3 Rac8 21. Qe2 1/2-1/2

[Event "22nd Abu Dhabi Masters"]
[Site "Abu Dhabi UAE"]
[Date "2015.08.25"]
[Round "3.27"]
[White "Vaibhav,S"]
[Black "Kryvoruchko,Vita"]
[Result "1-0"]
[WhiteTitle "GM"]
[BlackTitle "WGM"]
[WhiteElo "2552"]
[BlackElo "2210"]
[WhiteFideId "5045185"]
[BlackFideId "14108917"]
[EventDate "2015.08.23"]

1. d4 Nf6 2. c4 e6 3. Nf3 d5 4. Nc3 Be7 5. Bg5 h6 6. Bh4 O-O 7. e3 b6 8. Be2 Bb7
9. Bxf6 Bxf6 10. cxd5 exd5 11. b4 c5 12. bxc5 bxc5 13. Rb1 Bc6 14. O-O Nd7 15.
Bb5 Qc7 16. Qd2 c4 17. Bxc6 Qxc6 18. Rb5 Nb6 19. Rfb1 Rfe8 20. Qd1 Rad8 21. Ne1
Be7 22. g3 Rd7 23. a4 Red8 24. Qh5 Na8 25. Nf3 Bf6 26. Rc5 Qe6 27. Kg2 Kh7 28.
Ng1 Be7 29. Rcb5 Nc7 30. Rb7 Ne8 31. Nf3 Bf6 32. Qh3 Qc6 33. Rxd7 Rxd7 34. Rb8
Nc7 35. Qf5+ g6 36. Qb1 Ne6 37. Qb5 Qc7 38. Ra8 Qd6 39. Rc8 a6 40. Qc6 Bg7 41.
h4 Qxc6 42. Rxc6 Nc7 43. Rb6 f6 44. Rb7 Re7 45. Ne1 Bf8 46. Nc2 Rg7 47. Kf3 g5
48. h5 g4+ 49. Ke2 Bd6 50. Ne1 Re7 51. Ng2 a5 52. Nh4 Bb4 53. Nf5 Rd7 54. Nb5 1-0

[Event "22nd Abu Dhabi Masters"]
[Site "Abu Dhabi UAE"]
[Date "2015.08.25"]
[Round "3.28"]
[White "Horvath,Ad1"]
[Black "Derakhshani,D"]
[Result "1-0"]
[WhiteTitle "GM"]
[BlackTitle "WIM"]
[WhiteElo "2540"]
[BlackElo "2192"]
[WhiteFideId "708003"]
[BlackFideId "12500330"]
[EventDate "2015.08.23"]

1. e4 e5 2. Nf3 Nc6 3. Bb5 a6 4. Ba4 Nf6 5. O-O b5 6. Bb3 Bb7 7. d3 Be7 8. Nc3
d6 9. a4 Na5 10. Ba2 b4 11. Ne2 O-O 12. Ng3 Nd7 13. Nf5 Bf6 14. Qe1 Nc6 15. a5
Nc5 16. Bc4 Bc8 17. Bd5 Qe8 18. Be3 Rb8 19. Bxc5 Bxf5 20. exf5 dxc5 21. Qe4 Nd4
22. Nxd4 cxd4 23. Bc4 Ra8 24. h4 Qe7 25. g3 Qc5 26. Rfe1 Rad8 27. Qb7 Ra8 28.
Ra4 Rfb8 29. Qf3 Rf8 30. Qd5 Qe7 31. Qc6 Ra7 32. Bxa6 Qd6 33. Bb7 Be7 34. a6
Qxc6 35. Bxc6 Bd6 36. Kg2 Rb8 37. Bb7 c5 38. Raa1 Kf8 39. Kf3 Ke7 40. Ke4 Kd7
41. Kd5 Kc7 42. Kc4 f6 43. g4 Raxb7 44. axb7 Rxb7 45. Ra6 Kd7 46. Rea1 Bb8 47.
b3 Rc7 48. Ra8 Kc8 49. R8a5 1-0

[Event "22nd Abu Dhabi Masters"]
[Site "Abu Dhabi UAE"]
[Date "2015.08.25"]
[Round "3.29"]
[White "Asadli,Vugar"]
[Black "Sadzikowski,D"]
[Result "1/2-1/2"]
[WhiteTitle "CM"]
[BlackTitle "IM"]
[WhiteElo "2324"]
[BlackElo "2480"]
[WhiteFideId "13405764"]
[BlackFideId "1132253"]
[EventDate "2015.08.23"]

1. e4 e5 2. Nf3 Nc6 3. Bc4 Bc5 4. c3 Nf6 5. d3 d5 6. exd5 Nxd5 7. Qb3 Nb6 8.
Bxf7+ Kf8 9. Bh5 Qd5 10. Ng5 Qxb3 11. axb3 Nd5 12. O-O Bb6 13. Bf3 Nf6 14. Be3
Bf5 15. Bxb6 cxb6 16. Re1 Bxd3 17. Nd2 h6 18. Bxc6 bxc6 19. Ne6+ Kf7 20. Nc7
Rad8 21. Rxa7 e4 22. Nd5+ Rd7 23. Rxd7+ Nxd7 24. Nb4 Ra8 25. Nxc6 Ra2 26. f3
Rxb2 27. Nxe4 Bxe4 28. Rxe4 Nc5 29. Re7+ Kf6 30. b4 Nd3 31. h3 Nf4 32. Re4 g5
33. Kf1 Nxg2 34. Ne5 Nf4 35. Nd7+ Kf5 36. Re5+ Kg6 37. Nxb6 Nxh3 38. Re3 Nf4 1/2-1/2

[Event "22nd Abu Dhabi Masters"]
[Site "Abu Dhabi UAE"]
[Date "2015.08.25"]
[Round "3.30"]
[White "Ezat,M"]
[Black "Patil,Pr2"]
[Result "0-1"]
[WhiteTitle "IM"]
[WhiteElo "2476"]
[BlackElo "2186"]
[WhiteFideId "10600906"]
[BlackFideId "5038758"]
[EventDate "2015.08.23"]

1. d4 Nf6 2. Nf3 g6 3. Nbd2 d5 4. b4 Bg7 5. e3 O-O 6. c4 c6 7. a4 Nbd7 8. Be2 b6
9. Bb2 c5 10. dxc5 bxc5 11. b5 a6 12. cxd5 Nxd5 13. Bxg7 Kxg7 14. Qb3 N7f6 15.
O-O axb5 16. axb5 Bb7 17. Rac1 Qb6 18. Qb2 Kg8 19. Qe5 Nd7 20. Qg5 Qf6 21. Qg4
N5b6 22. Ng5 Ra4 23. Qg3 Rfa8 24. Nc4 Nxc4 25. Bxc4 Ne5 26. Be2 c4 27. f4 Nd3
28. Rcd1 Ra1 29. f5 Rxd1 30. Bxd1 h6 31. Nxf7 Qxf7 32. fxg6 Qe6 33. Bg4 Qe4 34.
Bf5 Qd5 35. Qh3 Kg7 36. Be6 Qe5 37. Bxc4 Nc5 38. Rf7+ Kxg6 39. Rf1 Ra3 40. Bf7+
Kg7 41. Bh5 Qxe3+ 42. Qxe3 Rxe3 43. h3 Re5 44. g4 Bd5 45. Rc1 Nd3 46. Rc7 Nf4
47. b6 Nxh5 48. gxh5 Kf6 49. Kf2 Re6 50. Rc5 Bb7 51. Rb5 Re5 52. Rb4 Rxh5 53.
Kg3 Rg5+ 54. Kh4 Rf5 55. Kg4 Rg5+ 56. Kh4 Re5 57. Rb2 Re4+ 58. Kg3 e5 59. Rd2
Rd4 60. Rf2+ Ke6 61. Rf8 Rd6 62. Re8+ Kf5 63. Rf8+ Rf6 64. Rb8 Rxb6 65. Rh8 Rb3+ 0-1

[Event "22nd Abu Dhabi Masters"]
[Site "Abu Dhabi UAE"]
[Date "2015.08.25"]
[Round "3.31"]
[White "Berescu,A"]
[Black "Voiteanu,G"]
[Result "1/2-1/2"]
[WhiteTitle "GM"]
[BlackTitle "FM"]
[WhiteElo "2464"]
[BlackElo "2182"]
[WhiteFideId "1204920"]
[BlackFideId "1208810"]
[EventDate "2015.08.23"]

1. c4 c5 2. g3 Nc6 3. Bg2 g6 4. Nc3 Bg7 5. Nf3 Nf6 6. O-O O-O 7. a3 d6 8. Rb1 a5
9. d3 Bd7 10. Bd2 Ne8 11. Ne1 Nc7 12. Nc2 Rb8 13. b4 axb4 14. axb4 Nxb4 15. Nxb4
cxb4 16. Rxb4 b5 17. cxb5 Nxb5 18. Nxb5 Rxb5 19. Rxb5 Bxb5 20. Qb3 Qd7 21. Rc1
Ba4 22. Qb4 Qb5 23. Rc4 Qxb4 24. Rxb4 Bd1 25. Kf1 Rc8 26. Ke1 Bc2 27. f4 1/2-1/2

[Event "22nd Abu Dhabi Masters"]
[Site "Abu Dhabi UAE"]
[Date "2015.08.25"]
[Round "3.32"]
[White "Padmini,R"]
[Black "Namer,N"]
[Result "1/2-1/2"]
[WhiteTitle "IM"]
[BlackTitle "CM"]
[WhiteElo "2444"]
[BlackElo "2158"]
[WhiteFideId "5029295"]
[BlackFideId "4801890"]
[EventDate "2015.08.23"]

1. e4 c5 2. Nf3 g6 3. c4 Nc6 4. d4 cxd4 5. Nxd4 Bg7 6. Be3 Nf6 7. Nc3 Ng4 8.
Qxg4 Nxd4 9. Qd1 Ne6 10. Qd2 Qa5 11. Rc1 b6 12. b3 Bb7 13. f3 d6 14. Be2 O-O 15.
Nd5 Qxd2+ 16. Kxd2 Rae8 17. Bd3 f5 18. exf5 gxf5 19. Rhe1 Nc5 20. Bb1 e6 21. Nc7
Re7 22. Nb5 a6 23. Nd4 Be5 24. b4 Nd7 25. f4 Bf6 26. Rg1 Bxd4 27. Bxd4 e5 28.
Rce1 Rff7 29. Be3 Kf8 30. g3 Ke8 31. g4 fxg4 32. Rxg4 exf4 33. Rxf4 Ne5 34. Rxf7
Kxf7 35. Rf1+ Ke8 36. Rf4 d5 37. cxd5 Bxd5 38. Kc3 Ng6 1/2-1/2

[Event "22nd Abu Dhabi Masters"]
[Site "Abu Dhabi UAE"]
[Date "2015.08.25"]
[Round "3.33"]
[White "Firouzja,Alireza"]
[Black "Czebe,A"]
[Result "1-0"]
[BlackTitle "GM"]
[WhiteElo "2309"]
[BlackElo "2439"]
[WhiteFideId "12573981"]
[BlackFideId "705268"]
[EventDate "2015.08.23"]

1. Nf3 Nf6 2. g3 g6 3. b3 Bg7 4. Bb2 O-O 5. Bg2 d6 6. d4 e5 7. dxe5 Nfd7 8. O-O
Nc6 9. c4 Ndxe5 10. Nxe5 Nxe5 11. Nc3 c6 12. Rc1 Bh6 13. Rc2 Bf5 14. e4 Bg4 15.
f3 Be6 16. h3 f5 17. f4 Nf7 18. Re2 Re8 19. exf5 gxf5 20. Rfe1 Bd7 21. Rxe8+
Bxe8 22. Qh5 Qf6 23. Nd1 Qg6 24. Qf3 Bd7 25. Kh2 Bg7 26. Bxg7 Kxg7 27. Qc3+ Qf6
28. Qb4 b6 29. Qd2 Re8 30. Rxe8 Bxe8 31. Ne3 Bd7 32. Nc2 Qb2 33. Qd3 Qxa2 34.
Nd4 Kf6 35. Qc3 Ke7 36. Qe3+ Kd8 37. Ne6+ Ke7 38. Nc5+ Kd8 39. Nxd7 Kxd7 40. Qf3
Ke7 41. Qxc6 Qxb3 42. Qc7+ Kf6 43. Qxa7 Qxc4 44. Qxb6 h5 45. Qe3 Qe6 46. Qd4+
Kg6 47. Qd3 Qf6 48. Bf3 Qb2+ 49. Be2 Qb6 50. Bxh5+ Kf6 51. Bxf7 Qb2+ 52. Kh1
Qc1+ 53. Kg2 1-0

[Event "22nd Abu Dhabi Masters"]
[Site "Abu Dhabi UAE"]
[Date "2015.08.25"]
[Round "3.34"]
[White "Saleh,Nab"]
[Black "Yagubi,Asif"]
[Result "1-0"]
[WhiteTitle "FM"]
[BlackTitle "IM"]
[WhiteElo "2249"]
[BlackElo "2431"]
[WhiteFideId "9300139"]
[BlackFideId "13411861"]
[EventDate "2015.08.23"]

1. d4 d5 2. Nf3 Nf6 3. Bf4 e6 4. e3 Bd6 5. Bg3 O-O 6. Nbd2 c5 7. c3 Nc6 8. Bd3
Re8 9. O-O Bxg3 10. hxg3 e5 11. dxe5 Nxe5 12. Be2 Nxf3+ 13. Bxf3 Bf5 14. b4 Rc8
15. Rc1 b6 16. Qa4 Re7 17. Rfd1 Rd7 18. Nb3 Qe7 19. bxc5 bxc5 20. c4 dxc4 21.
Rxd7 Nxd7 22. Qxc4 Ne5 23. Qd5 c4 24. Nd4 Bd3 25. Qa5 Nxf3+ 26. gxf3 Qb7 27. Qa3
Rb8 28. Rd1 Qb6 29. Kg2 a5 30. Qe7 h6 31. Qe5 g6 32. Nc6 Qxc6 33. Qxb8+ Kh7 34.
Qa7 Kg8 35. Qxa5 Be2 36. Rd8+ Kh7 37. e4 Qf6 38. f4 Qa1 39. Qa7 Qf6 40. Qd4 Qxd4
41. Rxd4 c3 42. Rd7 Bc4 43. Rc7 Bxa2 44. Rxc3 Kg7 45. g4 g5 46. Kg3 gxf4+ 47.
Kxf4 Be6 48. Ke5 Kg6 49. Rc6 Kg5 50. Rxe6 fxe6 51. f3 1-0